000
00339pab a2200145 454500
008
180718b1986 xxu||||| |||| 00| 0 eng d
100
_a
Cracogna, Dante
245
_a
Youth and co - operation
260
_c
1986
300
_a
33-9
362
_a
Dec.
650
_a
Youth
773
_a
Review of International Cooperation
909
_a
21084
999
_c
21084
_d
21084